Missing Word: Zeros Quiz Stats

 Plays Quiz Updated Jan 8, 2015

Challenge
Share
Tweet
Embed
Score 0/16 Timer 04:00
0 Plays Today
Hint Answer % Correct
BooksShades
98.4%
FilmsVirgin
97.7%
FilmsHate
95.5%
BooksSpace
93.7%
BooksLeagues
92.9%
SongsCentury
90.4%
MiscMinutes
90.2%
FilmsDark
82.1%
Hint Answer % Correct
FilmsDalmatians
81.6%
SongsLover
80%
MiscPennsylvania
79.5%
SongsMiles
71.8%
MiscAbsolute
67.9%
MiscHero
59%
SongsYears
43.4%
BooksHats
35.4%

Today's Daily Dose

You're not logged in!

Compare scores with friends on all Sporcle quizzes.
Join for Free
OR
Log In

You Might Also Like...

Show Comments

Extras

Top Quizzes Today


Score Distribution

Your Account Isn't Verified!

In order to create a playlist on Sporcle, you need to verify the email address you used during registration. Go to your Sporcle Settings to finish the process.

Report this User

Report this user for behavior that violates our Community Guidelines.

Details: